| 000 | 00705nam a22001937a 4500 | ||
|---|---|---|---|
| 005 | 20230921111219.0 | ||
| 010 | _aENG-110770 ENG-136259 | ||
| 020 |
_a9788183875554 _c895.00 |
||
| 035 | _aEN-94302 EN-119791 | ||
| 037 | _bDBAD/PUB | ||
| 082 | _a305.48697095475 | ||
| 100 |
_aGhanchi, Samiullah M. _957235 |
||
| 245 |
_aStatus of women among the Muslims in India : _bA Case Study of Surat / _cBy Samiullah M. Ghanchi |
||
| 260 |
_aNew Delhi _bSerials Publications _c2012 |
||
| 270 |
_a4830/24, Prahlad Street, Ansari Road, Darya Ganj _bNew Delhi _e110002 |
||
| 300 |
_aviii,298p. _c23cm(Hb) |
||
| 500 | _aIncludes bibliographical references | ||
| 942 |
_2ddc _cEN _h305.48697095475 _mGHA |
||
| 999 |
_c88389 _d88389 |
||